000 01006nam a2200313 4500
001 35300
003 BD-RjUL
005 20211209052309.0
008 770630s1943 enk 000 0 eng
035 _a(BD-RjUL)35394
_a(OCoLC)ocm03085716
035 _a(NNC)4783124
040 _aDLC
_cOCP
_dBD-RjUL
_beng
041 _aeng
082 _a519
_bTIS 1952
100 1 _aTippett, L. H. C.
_q(Leonard Henry Caleb),
_d1902-1985.
_9107532
245 1 0 _aStatistics /
_cL.H.C. Tippett.
260 _aNew York ; London :
_bOxford University Press,
_c1943 [reprint1952].
300 _avi, 184 p. :
_bill., diagrs. ;
_c17 cm.
490 1 _aThe Home university library of modern knowledge,
_v156
500 _a"First published in 1943."
504 _aIncludes index.
650 0 _aStatistics.
_9107533
650 6 _aStatistique.
_9107349
830 0 _v156.
_9107539
830 1 _aHome university library of modern knowledge ;156
_9107540
942 _2ddc
_cBK
999 _c35300
_d35300